आजाद हैं हम / (Record no. 117944)

MARC details
000 -LEADER
fixed length control field 00938nam a22002537a 4500
005 - DATE AND TIME OF LATEST TRANSACTION
control field 20170124103103.0
010 ## - LIBRARY OF CONGRESS CONTROL NUMBER
LC control number A-0952054
020 ## - INTERNATIONAL STANDARD BOOK NUMBER
Terms of availability 50.00
035 ## - SYSTEM CONTROL NUMBER
System control number A-0952054
037 ## - SOURCE OF ACQUISITION
Source of stock number/acquisition Cen Lib/Ret
040 ## - CATALOGING SOURCE
Original cataloging agency DPL
Language of cataloging HN
082 ## - DEWEY DECIMAL CLASSIFICATION NUMBER
Classification number 821
Item number सागर
100 ## - MAIN ENTRY--PERSONAL NAME
Personal name सागर, एन.आर.
9 (RLIN) 73
245 ## - TITLE STATEMENT
Title आजाद हैं हम /
Statement of responsibility, etc एन.आर. सागर
246 ## - VARYING FORM OF TITLE
Title proper/short title Azad hain hum /
Remainder of title by N.R. Sagar
260 ## - PUBLICATION, DISTRIBUTION, ETC. (IMPRINT)
Place of publication, distribution, etc दिल्ली
Name of publisher, distributor, etc संगीता प्रकाशन
Date of publication, distribution, etc 1996
270 ## - ADDRESS
Address 30/64, गली-8, विश्वास नगर
City दिल्ली
Postal code 110032
300 ## - PHYSICAL DESCRIPTION
Extent 55पृ.
Dimensions 21सेमी (सजिल्द)
650 ## - SUBJECT ADDED ENTRY--TOPICAL TERM
Topical term or geographic name as entry element साहित्य--कविता
9 (RLIN) 77621
650 ## - SUBJECT ADDED ENTRY--TOPICAL TERM
Topical term or geographic name as entry element हिन्दी कविताएं
9 (RLIN) 77622
650 ## - SUBJECT ADDED ENTRY--TOPICAL TERM
Topical term or geographic name as entry element Literature--Poems
9 (RLIN) 77623
650 ## - SUBJECT ADDED ENTRY--TOPICAL TERM
Topical term or geographic name as entry element Hindi poems
9 (RLIN) 77624
942 ## - ADDED ENTRY ELEMENTS (KOHA)
Source of classification or shelving scheme Dewey Decimal Classification
Koha item type Hindi Books
Classification part 821
Call number suffix सागर
Holdings
Withdrawn status Lost status Damaged status Not for loan Home library Current library Date acquired Source of acquisition Cost, normal purchase price Total Checkouts Full call number Barcode Date last seen Copy number Cost, replacement price Price effective from Koha item type
        Central Library Central Library 09/09/2015 Cen Lib/Ret 50.00   821 सागर A-0952054 09/09/2015 1 50.00 09/09/2015 Hindi Books

© Delhi Public Library
Hit Counter
free hit counter